000
00314nam a22001337a 4500
008
181009b xxu||||| |||| 00| 0 eng d
020
_a
0195157605
041
_a
eng
080
_a
316
100
_a
50
101
_a
SOC
245
_a
Sexualities Identities, Behaviors, and Society
_c
Kimmel,M.S
942
_2
udc
_c
BK
999
_c
49239
_d
49239